Pokémons Ailés - Statistiques

Statistiques générales
  • Ce quiz a été pris 57 fois
    51 depuis la dernière actualisation
  • Le résultat moyen est 77 sur 131
Statistiques - réponses
Hint Réponse % Correct
Gen 1 Roucool
97%
Gen 1 Roucoups
97%
Gen 1 Roucarnage
95%
Gen 1 | Gen 8 Artikodin
92%
Gen 1 | Gen 8 Électhor
92%
Gen 1 Rapasdepic
92%
Gen 1 | Gen 8 Sulfura
92%
Gen 1 Piafabec
89%
Gen 1 Dracolosse
86%
Gen 4 Étourmi
84%
Gen 2 Ho-Oh
84%
Gen 8 Corvaillus
81%
Gen 6 Passerouge
81%
Gen 1 Ptéra
81%
Gen 1 Dracaufeu
78%
Gen 4 Étouraptor
78%
Gen 4 Étourvol
78%
Gen 3 Hélédelle
78%
Gen 2 Lugia
78%
Gen 8 Minisange
78%
Gen 3 Nirondelle
78%
Gen 1 Papilusion
78%
Gen 5 Poichigeon
78%
Gen 3 Békipan
76%
Gen 5 Colombeau
76%
Gen 5 Déflaisan
76%
Gen 3 Drattak
76%
Gen 2 Hoothoot
76%
Gen 7 Bazoucan
73%
Gen 6 Braisillon
73%
Gen 1 Dardargnan
73%
Gen 6 Flambusard
73%
Gen 3 Goélise
73%
Gen 2 Noarfang
73%
Gen 3 Latias
70%
Gen 3 Latios
70%
Gen 1 Nosferapti
70%
Gen 7 Picassaut
70%
Gen 3 Libégon
68%
Gen 1 Nosferalto
68%
Gen 2 Nostenfer
68%
Gen 7 Piclairon
68%
Gen 3 Tropius
68%
Gen 3 Tylton
68%
Gen 5 Zekrom
68%
Gen 1 Aéromite
65%
Gen 2 Airmure
65%
Gen 8 Bleuseille
65%
Gen 6 Bruyverne
65%
Gen 5 Couaneton
65%
Gen 5 Reshiram
65%
Gen 6 Brutalibré
62%
Gen 1 Canarticho
62%
Gen 5 | Gen 8 Guériaigle
62%
Gen 5 Lakmécygne
62%
Gen 6 Sonistrelle
62%
Gen 5 Vostourno
62%
Gen 2 Coxy
59%
Gen 2 Coxyclaque
59%
Gen 5 Furaiglon
59%
Gen 1 Insécateur
59%
Gen 5 Kyurem
59%
Gen 4 Papilord
59%
Gen 3 Papinox
59%
Gen 5 Vaututrice
59%
Gen 2 Cornèbre
57%
Gen 4 Giratina
57%
Gen 2 Natu
57%
Gen 4 Togekiss
57%
Gen 3 Vibraninf
57%
Gen 2 Xatu
57%
Gen 7 Brindibou
54%
Gen 3 Charmillon
54%
Gen 5 Chovsourir
54%
Gen 4 Corboss
54%
Gen 5 Cryptéro
54%
Gen 7 Éfflèche
54%
Gen 3 Munja
54%
Gen 3 Ninjask
54%
Gen 6 Prismillon
54%
Gen 5 Rhinolove
54%
Gen 2 Togetic
54%
Gen 5 Aéroptéryx
51%
Gen 4 Apireine
51%
Gen 4 Apitrini
51%
Gen 7 Archéduc
51%
Gen 5 Arkéapti
51%
Gen 5 Émolga
51%
Gen 2 Scorplane
51%
Gen 4 Scorvol
51%
Gen 2 Yanma
51%
Gen 4 Yanméga
51%
Gen 2 Cizayox
49%
Gen 7 Lunala
49%
Gen 5 Trioxhydre
49%
Gen 4 Pijako
46%
Gen 2 Célébi
43%
Gen 9 Flamenroule
43%
Gen 9 Fulgulairo
43%
Gen 9 Lestombaile
43%
Gen 3 Maskadra
43%
Gen 8 Nigosier
43%
Gen 7 Plumeline
43%
Gen 9 Tapatoès
43%
Gen 9 Zapétrel
43%
Gen 2 Insolourdo
41%
Gen 5 Pyrax
41%
Gen 7 Lucanon
38%
Gen 3 Lumivole
32%
Gen 3 Muciole
32%
Gen 4 Palkia
32%
Gen 4 Dialga
30%
Gen 4 Mélokrik
30%
Gen 3 Ningale
30%
Gen 8 Beldeneige
27%
Gen 5 Drakkarmin
27%
Gen 7 Rubombelle
27%
Gen 7 Bombydou
24%
Gen 9 Deusolourdo
24%
Gen 9 Rugit-Lune
24%
Gen 5 Diamat
22%
Gen 9 Mite-de-Fer
22%
Gen 9 Têtes-de-Fer
22%
Gen 9 Cléopsytra
19%
Gen 9 Rampe-Ailes
19%
Gen 1 Mélodelfe
5%
Gen 2 Leuphorie
3%
Aucun quiz correspondant
Distribution des résultats
% des personnes avec chaque résultat
Percentile par nombre de réponses
Votre historique - résultats
Vous n’avez pas pris ce quiz depuis la dernière actualisation